000 01178nam a22003617a 4500
003 CHAP
005 20220817041708.0
008 971013s r 00010 d
010 _a21762
011 _a22734
035 _a26829
040 _cCHAP
082 _a336.42
_bM42
110 _aMéxico. Secretaría de Hacienda y Crédito Público
_977183
245 _aInforme de labores 19 - 19
260 _aMéxico, D. F. :
_bLa Secretaría,
_c19 -
300 _av.
500 _aLa biblioteca tiene : 1993-94
590 _aBATCH-UPD
_b10
_c20130110
_lUCH01
_h1236
590 _aBATCH-UPD
_b10
_c20130410
_lUCH01
_h0804
590 _aBATCH-UPD
_b10
_c20130914
_lUCH01
_h1059
590 _aBATCH-UPD
_b10
_c20161124
_lUCH01
_h1708
590 _aCONVERSION
_b10
_c20130109
_lUCH01
_h1313
650 1 4 _aCrédito.
650 1 4 _aDeuda pública.
_932222
650 1 4 _aFinanzas públicas
_zMéxico.
_940975
650 1 4 _aMéxico
_xCondiciones económicas.
650 1 4 _aPolítica económica
_zMéxico.
_990535
651 4 _aMéxico
_xPolítica y gobierno.
_976783
901 _aBK
942 _cLIBRO
949 _a336.42 M42
_bBC
_cLIBRO
_d33724000339701
_eLIBRO
_f1993-94
_h87428
_i26829
_si
999 _c21762
_d21762